000 00721nam a2200253 a 4500
001 000037638
003 DO-SdBNP
005 20230928124734.0
007 000037638
008 121010s2004 sp 000 0 spa d
020 _a8484034267
040 _aBPMSU
_dspa
_cBPMSU
082 4 _a321.07
_2 22
_bM867u 2004
100 1 _a Moro, Tomás Sir,
_d1478-1535.
_cSanto
245 1 0 _aUtopía /
_cTomás Moro
260 _aMadrid :
_bEditorial MV Fenix,
_c2004
300 _a158 p. :
_c23 cm.
490 0 _aClásicos selección
590 _aInventariado, 2023/VM
650 4 _aUtopías
650 4 _aIglesia y Estado
_zGran Bretaña
_xHistoria
_ySiglo XVII.
910 _aVMateo V. Control de calidad. BPMSU
942 _2ddc
_cBK
999 _c9131
_d9131